Регионална библиотека "Любен Каравелов" - Русе

Българска езикова култура (Запис номер 328294)

MARC детайли
000 -Лидер
Контролно поле с фиксирана дължина nam a22 7a 4500
003 - Код на организацията, давaща контролен номер
Контролно поле BLK
005 - Дата и час на последна редакция
Контролно поле 20181220100736.0
008 - Елементи от данни с фиксирана дължина
fixed length control field 181220b bu ||||| |||| 00| 0 bu d
020 ## - Международен стандартен номер на книга ISBN
Международен стандартен номер на книга ISBN 978-954-326-362-2
040 ## - Източник на каталожния запис
Идентификатор на билиотеката - собственик на записа BLK
041 ## - Код за език
Код за езика на текст/звукозапис или на отделно заглавие Български
Код за езика КДБФ Български
080 ## - УДК
Текстов определител УДК Български език
УДК код - определител по УДК 811.163.2
УДК - код + определител 811.163.2
100 ## - Редна дума - Автор
R(LIN) 257131
Автор Манолова, Лилия Георгиева
Авторска отговорност първи автор
139 ## - Редно поле
Редна дума Манолова, Лилия Георгиева
Авторски знак Мано - М 27
245 ## - Сведения за заглавието
Заглавие Българска езикова култура
Подзаглавни данни Из миналото и съвременността
Редно поле (дума) Лилия Манолова
260 ## - Област на издателските данни
9 (RLIN) 209799
Място на издаване, разпространение и проч. София
Име на издателя, разпространителя и проч. Парадигма
Година на издаване 2018
300 ## - Физическа характеристика
Страници 254 с.
Размери/Мащаб 21 см
380 ## - Жанр
Жанр Езикознание. Филология
650 #0 - Допълнително описание по предмет – тема
9 (RLIN) 246425
Основно описание – тема или топоним Български език
650 #0 - Допълнително описание по предмет – тема
9 (RLIN) 241868
Основно описание – тема или топоним Езиковеди, български
653 #7 - Ключова дума – ненормативна
9 (RLIN) 185920
Ключова дума езикова култура
653 #7 - Ключова дума – ненормативна
9 (RLIN) 194329
Ключова дума правопис
653 #7 - Ключова дума – ненормативна
9 (RLIN) 182680
Ключова дума български езиковеди
653 #7 - Ключова дума – ненормативна
9 (RLIN) 182706
Ключова дума български писатели
999 ## - СИСТЕМНИ КОНТРОЛНИ НОМЕРА
Koha biblionumber 328294
Koha biblioitemnumber 328294
942 ## - АРТИКУЛИ
Вид на библиотечния материал Книги
Скрит в OPAC Не
Наличности
Код за отписване Код за изгубен артикул Източник на класификационната схема Код за повреда Коз за рестрикции Код за отдаване Артикулен № Име на библиотеката - собственик Име на библиотеката, в която се намира в момента Статус (Текущо местоположение) Дата на вписване в системата Местоположение - отдел Цена в лева Систематично азбучна сигнатура Баркод Цена в евро Служебен тип на артикула
  Не е изгубен Universal Decimal Classification Не е повреден без рестрикции заемане за дома 688023 Регионална библиотека "Любен Каравелов" Русе Регионална библиотека "Любен Каравелов" Русе Заемна - подръчен фонд 2019-01-02 Заемна - подръчен фонд 15.00 811.163.2/М 27 Л б 120000828792 7.67 Книги
Vip Innovations Ltd, Rousse, Bulgaria 2025